Research methodology (Record no. 13549)
[ view plain ]
| 000 -LEADER | |
|---|---|
| fixed length control field | 00347nam a22001337a 4500 |
| 020 ## - INTERNATIONAL STANDARD BOOK NUMBER | |
| International Standard Book Number | 9788174734495 |
| 082 ## - DEWEY DECIMAL CLASSIFICATION NUMBER | |
| Classification number | 001.4 MUS |
| 100 ## - MAIN ENTRY--PERSONAL NAME | |
| Personal name | A. Mustafa |
| 245 ## - TITLE STATEMENT | |
| Title | Research methodology |
| 260 ## - PUBLICATION, DISTRIBUTION, ETC. | |
| Place of publication, distribution, etc. | New Delhi |
| Name of publisher, distributor, etc. | Aitbs Publishers |
| Date of publication, distribution, etc. | 2015 |
| 300 ## - PHYSICAL DESCRIPTION | |
| Extent | 251p. |
| Other physical details | ill.; |
| 650 ## - SUBJECT ADDED ENTRY--TOPICAL TERM | |
| Topical term or geographic name entry element | Research methodology |
| -- | Report Writing |
| -- | Information Retrieval |
| 942 ## - ADDED ENTRY ELEMENTS (KOHA) | |
| Koha item type | Book |
| Withdrawn status | Lost status | Damaged status | Not for loan | Collection code | Permanent Location | Current Location | Shelving location | Date acquired | Source of acquisition | Cost, normal purchase price | Total Checkouts | Full call number | Barcode | Date last seen | Price effective from | Koha item type |
|---|---|---|---|---|---|---|---|---|---|---|---|---|---|---|---|---|
| Computer Science | Central Library (CL) | Central Library (CL) | First Floor - Computer Science | 04/15/2016 | Allied Book Company | 374.00 | 001.4 MUS | SEECS013452 | 01/28/2021 | 04/16/2016 | Book |
